Quizzes
Events
Quiz Creation
Community
Videos
Private Events
Remove Ads
Sign In
Join for FREE
Feedback
Dark Mode
Quiz Categories
Sports
Geography
Music
Movies
Television
Just For Fun
Miscellaneous
History
Literature
Language
Science
Gaming
Entertainment
Religion
Holiday
For Kids
Quiz Lab
Recent
Popular Today
Quiz Kudos Today
Editor Picks
Curator Picks
Quizzes by...
Day
Popularity
Type
Ratings
Length
Year
Community
Subscriptions
Recent Discussions
Orange Saloon
Badges
Playlists
Quests
Create
Leaderboards
Showdown
Live 5
Trivia Bingo
Activity
Puzzle Library
Sporcle Events
Private Events
Virtual Trivia
Globe League
Become a Host
Pub Owners
SporcleCon
Opinionation
Our Games
Videos
Blog
Mobile Apps
Partnerships
Remove Ads and Go Orange
Feedback
Movies
Disney
Marvel Cinematic Universe
Movie Resume
Movie Titles
Oscar
Actor
Actress
Director
Pixar
Role
Movie Quotes
Movie Characters
Box Office
Nominee
Best Picture
Star Wars
James Bond
Horror Movies
Movies
Disney
Marvel Cinematic Universe
Movie Resume
Movie Titles
Oscar
Actor
Actress
Director
Pixar
Role
Movie Quotes
Movie Characters
Box Office
Nominee
Best Picture
Star Wars
James Bond
Horror Movies
Random Quiz
Search Sporcle
×
Quiz Lab
Quiz Lab
Movies
Character
Type in answers that appear in a list
Type in answers that appear in a list
Classic
Best Score? Go Orange.
Schwarzenegger Filmography Stats
Can you name the Arnold Schwarzenegger films?
By
superduperman
17m
34 Questions
601 Plays
601 Plays
601 Plays
Comments
Comments
Give Quiz Kudos
Give Quiz Kudos
-
- Ratings
hide this ad
Replay
Link that replays current quiz
Next Quiz
Link to next quiz in quiz playlist
You Got
0%
They Got
Avg Score
68%
Avg Friend Score
Upgrade to see
Score Distribution
Jump to the score distribution portion of the page
Score
0/34
Timer
17:00
0
Plays Today
Year
Movie
% Correct
1991
Terminator 2: Judgement Day
97.2%
2003
Terminator 3: Rise of The Machines
97.2%
1984
The Terminator
95.8%
1990
Kindergarten Cop
93.2%
1982
Conan the Barbarian
93%
1984
Conan the Destroyer
93%
1987
Predator
91%
1997
Batman and Robin
90.8%
2010
Expendables
90.5%
2012
Expendables 2
90.5%
1990
Total Recall
89.9%
1988
Twins
89.2%
1985
Commando
86.7%
1993
Last Action Hero
84.9%
1994
True Lies
84%
1987
The Running Man
76.7%
1994
Junior
75%
Year
Movie
% Correct
1969
Hercules in New York
70.9%
1996
Eraser
69.1%
1996
Jingle All The Way
68.9%
1988
Red Heat
68.1%
1999
End of Days
65.1%
1977
Pumping Iron
63.5%
2000
The 6th Day
61.9%
1985
Red Sonja
61.6%
2004
Around the World in 80 Days
53.1%
2002
Collateral Damage
52.7%
2013
Last Stand
52.1%
2013
Escape Plan
51.4%
1986
Raw Deal
51.4%
1976
Stay Hungry
20.6%
1993
Dave
9.2%
1979
Scavenger Hunt
8.8%
2005
The Kid and I
5.3%
Quiz Playlist
Details
Report
Send in Message
Add To Playlist
Classic:
Type in answers that appear in a list
Last Updated: Feb 16, 2017
Quiz Scoreboard
CHALLENGE
Sign Up to Join the Scoreboard
Show All
Scores
Hide
Comments
May contain spoilers
Recently Published
An Introduction to Baseball
by treessimontrees
Sports
5m
Movies - When Are They Set?
by FPL_Elf
Movies
5m
Popular People in 1961
by mucciniale
History
6m
More to Explore
Quiz From the Vault
Featured Blog Post
Where Did the Easter Bunny Come From?
hide this ad
You Might Also Like...
Tags
Arnold
Arnold Schwarzenegger
Character
Filmography
Schwarzenegger
Today's Top Quizzes in Movies
Browse Movies
hide this ad
Today's Top Quizzes in Character
Browse Character
Top Contributed Quizzes in Movies
1
Pick 5 Posters: Directed by Spielberg
2
Multi-Oscar Nominations, One Movie, One Winner
3
12 Movies about Fictional 1960s Events
4
One Thing in Common: Movies
5
Sunday Crossword: Film Score Composers
6
One Thing in Common: Movies II
7
Pick 5 Posters: Lowest-Rated Spielberg
8
Three Word 'H' Movies Match Up
9
Three Word 'T' Movies Match Up
10
7-to-1: Pixar Characters
Explore More
Trending Topics
Anime
NBA
Harry Potter
Disney
Crossword
Kpop
Marvel
Song
Puzzle
The Office
Soccer
Pokémon
NFL
WWE
Country
hide this ad
More By:
superduperman
Quiz
Plays
Rating
Category
Featured
Created
Clickable Slot Machine
2,888
1.71
Movies
Jul 1, 2013
Schwarzenegger Filmography
601
2.50
Movies
Aug 3, 2013
Movies by Description
196
1.50
Movies
Jun 22, 2013
Movie Madness
145
1.31
Movies
Jul 9, 2013
Who's That Movie
134
1.14
Movies
Jul 6, 2013
Go to Creator's Profile
Score Distribution
Quiz Creator Spotlight
superduperman
Follow
Send a Message
Quizzes Created
-
Created Quiz Play Count
-
More By This Creator
Popular Quizzes Today
1
Find the Countries of Europe - No Outlines Minefield
2
Find the US States - No Outlines Minefield
3
The Countries of the World
4
Popular People in 1961
5
US States
6
1-10 Letter E Words III
7
Find the US States
8
One Thing in Common: World Cities II
More Movies Quizzes
Actors in Crowded 2003 Movie Posters
Quiz Lab
Trending Quizzes
Risky Map Clicking: Least Populous States A-Z
1-10 Letter F Words
1-10 Letter G Words
One Thing in Common: United Kingdom
Risky Map Clicking: Next State Alphabetically
Recently Updated
Leaping Animals
pecheneg
Reality TV Shows (A-Z)
bhenderson79
Rickey Henderson's Hall of Fame Teammates
pecheneg
Champions League XIs: Arsenal
pecheneg
Quick Pick: Celebrities in WWE's Hall of Fame
aduchscher
A-Z Keypad Blitz II
pecheneg
Multiple Oscar Actors
pecheneg
Mystery Phrase Blitz: Oscar 'Best Actors'
pecheneg
F. Scott Fitzgerald Novels
LTH
Pick 3 Villains
ddd62291
Trending Topics
Anime
NBA
Disney
Marvel
Crossword
Harry Potter
Kpop
Song
The Office
Country
Puzzle
Soccer
WWE
Pokémon
NFL
Your Account Isn't Verified!
In order to create a playlist on Sporcle, you need to verify the email address you used during registration. Go to your
Sporcle Settings
to finish the process.
Report this User
Report this user for behavior that violates our
Community Guidelines
.
Details:
Send Report
Go to the Sporcle.com Mobile Site →
Comments